000 00345nam a2200157Ia 4500
003 OSt
005 20231109080315.0
008 170524s9999 xx 000 0 und d
020 _a1-74045-371-9
040 _cIIMT
100 _aLawson-Jane
245 2 _aA little taste of Japan
260 _bMurdoch Books
260 _c2004
942 _2ddc
_c02
999 _c7014
_d7014